Libertad condicional Revisin̤ crt̕ica y propuestas de mejora desde un enfoque restaurativo y europes̕ta /

Bibliographic Details
Main Author: Delgado Carrillo, Laura
Format: eBook
Language:Spanish
Published: Madrid: Dykinson, 2021
Subjects:
Online Access:Acceso restringido

MARC

LEADER 00000nam a22000007a 4500
005 20220629225545.0
007 cr|||| ||||
008 220629s2021 es |||||s|||| 00||0 spa d
020 |a 978-84-1122-030-9 
035 |a 36146 
040 |a vLex 
090 |c 13499  |d 13499 
100 1 |a Delgado Carrillo, Laura 
245 1 0 |a Libertad condicional  |h [Recurso electrn̤ico] :  |b Revisin̤ crt̕ica y propuestas de mejora desde un enfoque restaurativo y europes̕ta /  |c Laura Delgado Carrillo 
256 |a Servicio en ln̕ea 
260 |a Madrid:  |b Dykinson,  |c 2021 
300 |a 1 recurso electrn̤ico 
506 1 |a Disponible solo en los productos indicados  |d vLex Global  |d vLex Global (Academic Edition, excluding Law Schools)  |d vLex Global (U.S. Academic Edition, Law Schools)  |d vLex Global (U.S. Academic Edition, excluding Law Schools)  |d vLex Global (Academic Edition, Law Schools) 
650 0 4 |a Derecho Penal  |z Espaą 
740 0 |a vLex Libros (Servicio en ln̕ea) 
856 4 0 |u https://app.vlex.com/#/sources/36146  |z Acceso restringido 
942 |c BOOK 
999 0 |a Criminal law